Animated Characters with Blue Hair - Sudden Death - Statistics

General Stats
  • This quiz has been taken 19 times
  • The average score is 7 of 15
Answers on the Grid
Answers color-coded by a green-red scale on the quiz's grid according to % correct below.
Bob Belcher
Coraline Jones
Dawn (Pokémon)
Elsa (Frozen)
Eric Cartman
Fred Flintstone
Goofy
Hades (Hercules)
Itchy
Jimmy Neutron
Joy (Inside Out)
Kim Possible
Marge Simpson
Milhouse Van Houten
Mulan
Ned Flanders
Professor Farnsworth
Rafiki
Reverend Lovejoy
Rick Sanchez
Road Runner
Sadness (Inside Out)
Sandy Cheeks
Sideshow Mel
Sonic the Hedgehog
Stewie Griffin
Sulley
Tasmanian Devil
Thing 1 and Thing 2
Todd Chavez
 
Answer Stats
Answer % Correct
Marge Simpson
100%
Sonic the Hedgehog
86%
Joy (Inside Out)
79%
Sadness (Inside Out)
79%
Coraline Jones
71%
Sulley
57%
Milhouse Van Houten
50%
Hades (Hercules)
43%
Thing 1 and Thing 2
43%
Rick Sanchez
36%
Road Runner
29%
Sideshow Mel
29%
Dawn (Pokémon)
21%
Itchy
14%
Todd Chavez
7%
No matching quizzes found
Score Distribution
Percent of People with Each Score
Percentile by Number Answered
Your Score History
You have not taken this quiz